|
003 -Nazwa inst., której nr kontr. jest w polu 001 [,]
|
-
- @
- Nazwa instytucji, której n kontrolny jest w polu 001
- NUKAT
|
|
005 -DATA I CZAS OSTATNIEJ MODYFIKACJI [,]
|
-
- @
- pole kontrolne
- 20241231113242.0
|
|
020 -Międzynarod. znormalizowany nr książki - ISBN [ , ]
|
-
- a
- Numer ISBN
- 9788301182908
|
|
040 -Instytucja sporządzająca opis [ , ]
|
-
- a
- Instytucja, która sporządziła opis (NP)
- WR U/Pdg
-
- c
- Instytucja, która sporządziła rekord (NP)
- WR U/ZM
-
- d
- Instytucja, która zmodyfikowała rekord (P)
- WR U/ZMs
-
- d
- Instytucja, która zmodyfikowała rekord (P)
- WA 191/MS
|
|
041 -Język dokumentu [1, ]
|
-
- a
- Język tekstu (P)
- polski
-
- h
- Język tekstu oryginalnego i/lub pośredniego (P)
- angielski
|
|
942 -Rodzaj dokumentu [ , ]
|
-
- c
- Rodzaj dokumentu
- Książka
|
|
240 -Tytuł ujednolicony [1,0]
|
-
- a
- Tytuł ujednolicony
- Human communication
-
-
|
|
245 -Strefa tytułu i oznaczenia odpowiedzialności [1,0]
|
-
- a
- Tytuł
- Komunikacja między ludźmi :
-
- b
- Ciąg dalszy tytułu (NP)
- motywacja, wiedza, umiejętności /
-
- c
- Pozostałe elementy strefy tytułu i oznaczenia odpowiedzialności (NP)
- Sherwyn P. Morreale, Brian H. Spitzberg, J. Kevin Barge ; przełożyli Paweł Izdebski, Aleksandra Jaworska-Surma, Dorota Kobylińska ; redakcja naukowa polskiego wydania Hanna Brycz.
|
|
250 -Strefa wydania [ , ]
|
-
- a
- Oznaczenie wydania (NP)
- Wyd. 2.
|
|
260 -Strefa adresu wydawniczego [ , ]
|
-
- a
- Miejsce wydania (P)
- Warszawa :
-
- b
- Nazwa wydawcy (P)
- Wydawnictwo Naukowe PWN,
-
|
|
080 -Uniwersalna Klasyfikacja Dziesiętna [ , ]
|
-
- 2
- Identyfikator wydania tablic
- UDC-P058
-
-
- a
- Symbol klasyfikacji
- 316.77
-
- b
- Dopowiedzenie
- Socjologia komunikowania. Komunikacja społeczna. Wpływ środków masowego przekazu, decydentów, cenzury. Sprzężenie zwrotne komunikowania. Kultura audiowizualna.
-
-
-
- c
- Dopowiedzenie poddz. wspólnego
- (Wydawnictwa dydaktyczne. Podręczniki).
|
|
080 -Uniwersalna Klasyfikacja Dziesiętna [ , ]
|
-
- 2
- Identyfikator wydania tablic
- UDC-P058
-
-
- a
- Symbol klasyfikacji
- 316.47
-
- b
- Dopowiedzenie
- Stosunki społeczne. Stosunki interpersonalne. Stosunki międzyludzkie. Stosunki między grupami a jednostkami.
-
-
-
- c
- Dopowiedzenie poddz. wspólnego
- (Wydawnictwa dydaktyczne. Podręczniki).
|
|
080 -Uniwersalna Klasyfikacja Dziesiętna [ , ]
|
-
- 2
- Identyfikator wydania tablic
- UDC-P058
-
-
- a
- Symbol klasyfikacji
- 808.5
-
- b
- Dopowiedzenie
- Retoryka. Sztuka przemawiania. Sztuka oratorska. Sztuka i technika deklamacji i recytacji. Dykcja. Konwersacja.
-
-
-
- c
- Dopowiedzenie poddz. wspólnego
- (Wydawnictwa dydaktyczne. Podręczniki).
|
|
650 -Hasło przedmiotowe [ ,7]
|
-
- a
- Hasło przedmiotowe
- Komunikacja interpersonalna.
-
-
|
|
650 -Hasło przedmiotowe [ ,7]
|
-
- a
- Hasło przedmiotowe
- Komunikacja w małych grupach.
-
-
|
|
650 -Hasło przedmiotowe [ ,7]
|
-
- a
- Hasło przedmiotowe
- Sztuka wystąpień publicznych.
-
-
|
|
980 -Symbol UKD [ , ]
|
-
- a
- UKD
- 316.77:316.47:808.5](07)
|
|
700 -Hasło dodatkowe - nazwa osobowa [1, ]
|
-
- a
- Nazwa osobowa (NP)
- Spitzberg, Brian H.
-
|
|
700 -Hasło dodatkowe - nazwa osobowa [1, ]
|
-
- a
- Nazwa osobowa (NP)
- Barge, J. Kevin.
-
|
|
700 -Hasło dodatkowe - nazwa osobowa [1, ]
|
-
- a
- Nazwa osobowa (NP)
- Izdebski, Paweł
-
- d
- Daty biograficzne (NP)
- (1958-2021).
-
- e
- Określenie rodzaju współpracy
- Tł.
-
|
|
700 -Hasło dodatkowe - nazwa osobowa [1, ]
|
-
- a
- Nazwa osobowa (NP)
- Jaworska-Surma, Aleksandra.
-
- e
- Określenie rodzaju współpracy
- Tł.
-
|
|
700 -Hasło dodatkowe - nazwa osobowa [1, ]
|
-
- a
- Nazwa osobowa (NP)
- Kobylińska, Dorota.
-
- e
- Określenie rodzaju współpracy
- Tł.
-
|
|
700 -Hasło dodatkowe - nazwa osobowa [1, ]
|
-
- a
- Nazwa osobowa (NP)
- Brycz, Hanna.
-
- e
- Określenie rodzaju współpracy
- Red.
-
|
|
710 -Hasło dodatkowe - nazwa ciała zbiorowego [2, ]
|
-
- a
- Nazwa ciała zbiorowego lub nazwa geograficzna jako pierwszy element (NP)
- Wydawnictwo Naukowe PWN.
-
-
|